00000000nam 2200000za 4500
0019.643749
003CaOODSP
00520240624082225
007cr |||||||||||
008150407|1962||||xxc|||||o    f|0| 0 fre d
040 |aCaOODSP|bfre
043 |an-cn---
0861 |aZ1-1959/3-3F-PDF
24500|aCommission royale d'enquête sur les transports. Vol. III |h[ressource électronique] / |c[M.A. MacPherson, président].
260 |aOttawa : |bBureau du Conseil privé, |c1962.
300 |a125, 68, 229, 200, 85 p. : |bgraphiques, photographies
500 |a« Juillet 1962. »
500 |aPublication historique numérisée en 2010 par le Bureau du Conseil privé du Canada. Le n° de catalogue (Z1-1959/3-3F) de l'édition imprimée a été copié dans l'édition électronique.
590 |a15-04-Supp|b2015-03-19
69107|aCommission d'enquête|2gcpds
69107|aTransport|2gcpds
7101 |aCanada. |bBureau du Conseil privé.
77508|tRoyal Commission on Transportation. Vol. III / |w(CaOODSP)9.699772
85640|ahttp://publications.gc.ca|qPDF|s7.10 Mo|uhttps://publications.gc.ca/collections/collection_2014/bcp-pco/Z1-1959-3-3-2-fra.pdf
85640|ahttp://publications.gc.ca|qPDF|s7.01 Mo|uhttps://publications.gc.ca/collections/collection_2014/bcp-pco/Z1-1959-3-3-1-fra.pdf
85640|ahttp://publications.gc.ca|qPDF|s9.72 Mo|uhttps://publications.gc.ca/collections/collection_2014/bcp-pco/Z1-1959-3-3-3-fra.pdf
85640|ahttp://publications.gc.ca|qPDF|s9.35 Mo|uhttps://publications.gc.ca/collections/collection_2014/bcp-pco/Z1-1959-3-3-4-fra.pdf
85640|ahttp://publications.gc.ca|qPDF|s3.97 Mo|uhttps://publications.gc.ca/collections/collection_2014/bcp-pco/Z1-1959-3-3-5-fra.pdf